| 000 | 00380nam a22001457a 4500 | ||
|---|---|---|---|
| 020 | _qPB. | ||
| 040 | _cFizza Ishaq | ||
| 082 |
_a511 _bSAR |
||
| 100 |
_aSarkar, Kumar Swapan. _9133339 |
||
| 245 |
_aA TEXTBOOK OF DISCRETE MATHEMATICS / _cSwapan Kumar Sarkar. |
||
| 250 | _b9th ED. | ||
| 260 |
_aNew Dehli; _bS. Chand Publishing, _c2003. |
||
| 300 | _a845 P. ; | ||
| 942 |
_2ddc _cBK |
||
| 999 |
_c616314 _d616314 |
||